000 00455nam a2200169Ia 4500
001 23397
005 20260414150934.0
008 260414t2016||||xx |||||||||||||| ||spa||
041 _aESP
082 _a636.084598
_bG37
100 _aGermana Cavero, César
_eAUT
245 0 _aEstudio socio-económico de los pastores andinos de Perú, Ecuador, Bolivia y Argentina
_b
260 _c2016
650 _aCNM
654 _aCCN
942 _cLIB
_dJUS
_fJUS
_2ddc
_n
999 _c23397
_d23397